000 00918ngm a2200325 a 4500
003 BLK
005 20240530111834.0
007 m| caa|akaadaaaac
008 180410b bul||n||s|||||||| mlbulo|
010 _aCDD00002166000
040 _aBLK
041 _aBUL
_cBUL
080 _aКомедии
_b791.221.2
_z791.221.2
139 _aОперация "ы" [видео DVD]
_bО 60
245 1 0 _aОперация "ы" [видео DVD]
257 _aBGR
260 _bМултивижън
_c2006
300 _a96 мин.
_bцв.
_c12 см
380 _a7
490 _aОсобености на руското кино
_v17
590 _aS.N: 69376 от КНИГИ
852 _aЦб CD 4919
_p0
856 4 _qpdf
_u
856 4 _qpdf
_u
942 _cCDD
_n0
_01
_s1
944 _aCR
_c10.11.2006
_k30570
_lМоника Янева
944 _aED
_c05.12.2008
999 _c219750
_d219750
999 _d219750
999 _d219750